Coronica general de España / (Record no. 160871)
[ view plain ]
| 000 -LEADER | |
|---|---|
| campo de control de longitud fija | 01125nam a2200241 i 4500 |
| 001 - NÚMERO DE CONTROL | |
| campo de control | 160871 |
| 003 - IDENTIFICADOR DE NÚMERO DE CONTROL | |
| campo de control | ES-MaACL |
| 005 - FECHA Y HORA DE LA ÚLTIMA TRANSACCIÓN | |
| campo de control | 20230906212138.0 |
| 008 - DATOS DE LONGITUD FIJA--INFORMACIÓN GENERAL | |
| campo de control de longitud fija | 931025s1791 sp a |||| | spa d |
| 100 1# - ENTRADA PRINCIPAL--NOMBRE DE PERSONA | |
| Nombre de persona | Ocampo, Florian de. |
| 9 (RLIN) | 130588 |
| 245 10 - MENCIÓN DEL TÍTULO | |
| Título | Coronica general de España / |
| Mención de responsabilidad, etc. | que recopilaba el maestro Florian de Ocampo... ; tomo I. |
| 260 ## - PUBLICACIÓN, DISTRIBUCIÓN, ETC. | |
| Lugar de publicación, distribución, etc. | En Madrid : |
| Nombre del editor, distribuidor, etc. | en la Oficina de don Benito Cano : |
| -- | se hallará en la libreria de Quiroga..., |
| Fecha de publicación, distribución, etc. | 1791. |
| 300 ## - DESCRIPCIÓN FÍSICA | |
| Extensión | [6], 60, XXIV, 459 p., [1] h. de grab. ; |
| Dimensiones | 4º (22 cm) |
| 510 ## - NOTA DE CITAS O REFERENCIAS BIBLIOGRÁFICAS | |
| Nombre de la fuente | PALAU, 198386. |
| 594 ## - Nota al título y mención de responsabilidad | |
| Nota al título y mención de responsabilidad | Obra continuada por Ambrosio de Morales. |
| 597 ## - NOTA DE DESCRIPCIÓN FÍSICA | |
| NOTA DE DESCRIPCIÓN FÍSICA | Sign.: [ ]3, a-g4, h2, a-c4, A-Z4, 2A-2Z4, 3A-3L4, 3M2. |
| 597 ## - NOTA DE DESCRIPCIÓN FÍSICA | |
| NOTA DE DESCRIPCIÓN FÍSICA | Grab. calc.: "Antº Carnicero la invº y dibujó", "Juan Palomino la gravó", en p. \p1\s. |
| 597 ## - NOTA DE DESCRIPCIÓN FÍSICA | |
| NOTA DE DESCRIPCIÓN FÍSICA | Port. con orla xil. |
| 597 ## - NOTA DE DESCRIPCIÓN FÍSICA | |
| NOTA DE DESCRIPCIÓN FÍSICA | Capital xil. |
| 599 ## - NOTA A LAS ILUSTRACIONES | |
| NOTA A LAS ILUSTRACIONES | Il. xil h. de grab.: "Jf. Ximeno la dib. y grabó", retrato del Conde de Campomanes, entre p. [2] y [3] |
| 651 #4 - PUNTO DE ACCESO ADICIONAL DE MATERIA--NOMBRE GEOGRÁFICO | |
| Nombre geográfico | España- |
| Subdivisión general | Historia- |
| Subdivisión cronológica | ...-0218, Época prerromana. |
| 9 (RLIN) | 8210 |
| 852 ## - LOCALIZACIÓN | |
| Ubicación | ES-MaACL |
| Número de control de estantería | R-314 -23 |
| Nota libre | -- Enc. pasta española |
| Encuadernación | Olim: B-222-31 |
| Estatus retirado | Estado de pérdida | Estado de daño | No para préstamo | Colección | Biblioteca de origen | Biblioteca actual | Ubicación en estantería | Fecha de adquisición | Total de préstamos | Signatura topográfica completa | Código de barras | Visto por última vez | Precio de reemplazo | Tipo de ítem Koha |
|---|---|---|---|---|---|---|---|---|---|---|---|---|---|---|
| Libros del s. XVIII | Biblioteca del Ateneo de Madrid | Biblioteca del Ateneo de Madrid | Depósito | 17/01/2008 | R-314-23 | 1168470 | 23/02/2023 | 23/02/2023 | Libro impreso antiguo |
